000 00989nam a22002891u 4500
001 05401
003 HDC
007 cr bn ---
008 210120p xx fo d 00 engg
040 _aHDC
100 _aMOHD FAKARUDIN MASOD
_95639
245 0 _aMALAYSIA HALAL CERTIFICATION & MALAYSIA HALAL LOGO /
_cby MOHD FAKARUDIN MASOD
260 _a[No place] :
_b[publisher not identified],
_c2010
300 _a47 pages :
_bIllustrations
336 _atext
_2rdacontent
337 _acomputer
_2rdamedia
338 _aonline resource
_2rdacarrier
650 _aHalal certification
_9753
650 _aHalal Industry
_zMalaysia
_9204
650 _aHalal logo
_zMalaysia
_9372
650 _aHalal market
_9582
650 _aHalal products
_9642
856 _zRequest full-text at [email protected]
942 _2lcc
942 _cSLIDE
942 _kSLID 000397
999 _c2725
_d2725